Loading...
Literature - World Literature | 3 | 4 | 0 | 1 | 85 | 14 | 83.43 | 2 | 7 |
History - European History | 2 | 6 | 1 | 1 | 85 | 43 | 89.00 | 4 | 7 |
Literature - American Literature | 1 | 6 | 0 | 2 | 75 | 44 | 109.71 | 0 | 3 |
Literature - European Literature | 3 | 3 | 0 | 0 | 75 | 18 | 69.33 | 4 | 5 |
Fine Arts - Visual Fine Arts | 1 | 6 | 1 | 1 | 70 | 76 | 113.86 | 1 | 3 |
Beliefs | 1 | 7 | 4 | 2 | 65 | 41 | 122.38 | 4 | 5 |
History - World History | 2 | 4 | 1 | 2 | 65 | 65 | 106.67 | 3 | 5 |
Philosophy | 2 | 4 | 1 | 1 | 65 | 47 | 96.00 | 2 | 3 |
Social Science | 2 | 4 | 1 | 0 | 65 | 5 | 87.00 | 2 | 4 |
Literature - British Literature | 0 | 6 | 1 | 0 | 55 | 109 | 129.17 | 1 | 3 |
History - Other History | 0 | 5 | 1 | 0 | 45 | 65 | 87.80 | 1 | 5 |
Fine Arts - Other Fine Arts | 1 | 2 | 0 | 1 | 35 | 52 | 112.00 | 0 | 0 |
Other Academic | 1 | 1 | 0 | 0 | 25 | 80 | 96.50 | 1 | 1 |
Science - Other Science | 0 | 2 | 0 | 1 | 20 | 85 | 104.50 | 0 | 0 |
History - US History | 0 | 2 | 0 | 0 | 20 | 83 | 95.00 | 0 | 1 |
Science - Physics | 0 | 1 | 0 | 1 | 10 | 133 | 133.00 | 0 | 0 |
Science - Chemistry | 0 | 0 | 0 | 0 | 0 | 0.00 | 0 | 0 |